کرکرےکاقاتل کون؟ / (Record no. 42409)
[ view plain ]
| 000 -LEADER | |
|---|---|
| fixed length control field | 01011nam a22002537a 4500 |
| 005 - DATE AND TIME OF LATEST TRANSACTION | |
| control field | 20100818140038.0 |
| 008 - FIXED-LENGTH DATA ELEMENTS--GENERAL INFORMATION | |
| fixed length control field | 090109t xxu||||| |||| 00| 0urd d |
| 010 ## - LCCN (DPL NO) | |
| LC control number | UR-7766 |
| 020 ## - INTERNATIONAL STANDARD BOOK NUMBER | |
| Terms of availability | 200.00 |
| International Standard Book Number | 9788172210410 |
| 020 ## - INTERNATIONAL STANDARD BOOK NUMBER | |
| Terms of availability | 200.00 |
| International Standard Book Number | 8172210418 |
| 035 ## - SYSTEM CONTROL NUMBER | |
| System control number | U-6321 |
| 040 ## - CATALOGING SOURCE | |
| Original cataloging agency | dpl |
| Language of cataloging | urd |
| 082 ## - DEWEY DECIMAL CLASSIFICATION NUMBER | |
| Classification number | 303.6250954 |
| 100 ## - MAIN ENTRY--PERSONAL NAME | |
| 9 (RLIN) | 12785 |
| Personal name | ایس-ایم-مشرف |
| 245 ## - TITLE STATEMENT | |
| Title | کرکرےکاقاتل کون؟ / |
| Statement of responsibility, etc | ایس-ایم-مشرف |
| 246 ## - VARYING FORM OF TITLE | |
| Title proper/short title | Karkare Ka Qatil Kaun / |
| Remainder of title | by S.M. Mushrif |
| 260 ## - PUBLICATION, DISTRIBUTION, ETC. (IMPRINT) | |
| Place of publication, distribution, etc | نئ دہلی |
| Date of publication, distribution, etc | 2010 |
| Name of publisher, distributor, etc | فاروس میڈیااینڈپبیشنگ |
| 270 ## - ADDRESS | |
| City | New Delhi |
| Address | D-84 Abul Fazl Enclave-I, Jamia Nagar, |
| Telephone number | 26947483, 26952825 |
| Postal code | 110025 |
| Electronic mail address | books@pharosmedia.com |
| 300 ## - PHYSICAL DESCRIPTION | |
| Extent | 352 ص |
| Dimensions | 22 س م (Pbk) |
| 650 ## - SUBJECT ADDED ENTRY--TOPICAL TERM | |
| Source of heading or term | critisim |
| 9 (RLIN) | 12786 |
| 700 ## - ADDED ENTRY--PERSONAL NAME | |
| 9 (RLIN) | 13088 |
| 942 ## - ADDED ENTRY ELEMENTS (KOHA) | |
| Source of classification or shelving scheme | Dewey Decimal Classification |
| Item type | Urdu Bks |
| Classification part | 303.6250954 |
| Call number suffix | ک ر ک |
| Withdrawn status | Lost status | Source of classification or shelving scheme | Damaged status | Not for loan | Collection code | Home library | Current library | Date acquired | Source of acquisition | Cost, normal purchase price | Total Checkouts | Full call number | Barcode | Date last seen | Copy number | Cost, replacement price | Koha item type |
|---|---|---|---|---|---|---|---|---|---|---|---|---|---|---|---|---|---|
| Dewey Decimal Classification | Not For Loan | Non-fiction | D.B.Act.Division | D.B.Act.Division | 18/08/2010 | DBAD/PUB | 200.00 | 303.6250954 ک ر ک | U-6321 | 18/08/2010 | 1 | 200.00 | Urdu Bks |
